Mistrzostwa Świata 1930 (drużyny) - Statystyki

Ogólne statystyki
  • Ten quiz został rozwiązany 20 razy
  • Średni wynik to 11 z 13
Statystyki odpowiedzi
nr Grupy Kraj % Poprawnych
Grupa 1 Argentyna
100%
Grupa 2 Brazylia
100%
Grupa 1 Chile
100%
Grupa 1 Francja
100%
Grupa 1 Meksyk
100%
Grupa 4 Stany Zjednoczone
100%
Grupa 3 Urugwaj
95%
Grupa 3 Peru
89%
Grupa 2 Boliwia
84%
Grupa 2 Jugosławia
74%
Grupa 4 Paragwaj
74%
Grupa 4 Belgia
68%
Grupa 3 Rumunia
58%
Nie znaleziono quizów pasujących do podanych kryteriów
Rozkład punktacji
Procent ludzi z każdym wynikiem
Percentyl według liczby udzielonych odpowiedzi
Twoja historia wyników
Nie rozwiązałeś tego quizu